| 000 | 06838cam a22020054i 4500 | ||
|---|---|---|---|
| 003 | PE-LiUPU | ||
| 005 | 20250813165717.0 | ||
| 008 | 150625s1986 mx a rb 000 0 spa d | ||
| 020 | _a9684263589 | ||
| 020 | _a9789684263581 | ||
| 035 | _a(Sirsi) i9789684263581 | ||
| 040 |
_aPE-LiUPU _bspa _cPE-LiUPU _dPE-LiUPU _erda |
||
| 049 | _aPRUA | ||
| 082 | 0 | 4 |
_a616.6906 _bA45 _221 |
| 082 | 0 | 4 |
_a616.6906 _bA49 2007 _221 |
| 100 | 1 |
_aAlvarez-Gayou Jurgenso, Juan Luis, _eautor. |
|
| 245 | 1 | 0 |
_aSexoterapia integral / _cJuan Luis Alvarez-Gayou Jurgenson, Delia G. Sánchez, Francisco Delfin Lara. |
| 264 | 1 |
_aMéxico : _bEl Manual Moderno, _c1986. |
|
| 300 |
_a428 páginas : _bilustraciones ; _c23 centímetros |
||
| 336 |
_atext _2rdacontent |
||
| 337 |
_aunmediated _2rdamedia |
||
| 338 |
_avolume _2rdacarrier |
||
| 504 | _aIncluye bibliografía. | ||
| 505 | 0 | _aLa salud sexual -- Homosexualidad, bisexualidad, heterosexualidad -- Expresiones comportamentales -- Expresiones comportamentales (cont.) -- La respuesta sexual y sus disfunciones -- Etiología -- Etiología de las disfunciones sexuales -- Etiología psicológica -- Etiología psicológica (cont.) -- Etiología social y educativa -- Etiología por problemas en la pareja -- Diagnóstico -- Diagnóstico de las disfunciones sexuales -- Diagnóstico de las disfunciones sexuales (cont.) -- Fases previas al proceso terapéutico -- Tratamiento -- Métodos terapéuticos -- La educación en el proceso terapéutico -- Técnicas y procedimientos conductuales -- Las técnicas psicoterapéuticas -- El manejo de los problemas de la pareja -- Terapéutica medico quirúrgica -- Ejercicio profesional de la terapia sexual. | |
| 526 | _aP203 | ||
| 526 | _aP200 | ||
| 526 | _aSEG65 | ||
| 526 | _aSEG64 | ||
| 526 | _aSEG63 | ||
| 526 | _aSEG62 | ||
| 526 | _aSEG61 | ||
| 526 | _aSEG60 | ||
| 526 | _aSEG59 | ||
| 526 | _aSEG58 | ||
| 526 | _aSEG57 | ||
| 526 | _aSEG56 | ||
| 526 | _aSEG55 | ||
| 526 | _aSEG54 | ||
| 526 | _aSEG53 | ||
| 526 | _aSEG52 | ||
| 526 | _aSEG51 | ||
| 526 | _aSEG50 | ||
| 526 | _aSEG49 | ||
| 526 | _aSEG48 | ||
| 526 | _aSEG47 | ||
| 526 | _aSEG46 | ||
| 526 | _aSEG24 | ||
| 526 | _aSEG23 | ||
| 526 | _aSEG22 | ||
| 526 | _aSEG21 | ||
| 526 | _aSEG20 | ||
| 526 | _aSEG19 | ||
| 526 | _aSEG18 | ||
| 526 | _aSEG17 | ||
| 526 | _aSEG16 | ||
| 526 | _aSEG14 | ||
| 526 | _aSEG13 | ||
| 526 | _aSEG12 | ||
| 526 | _aSEG11 | ||
| 526 | _aSEG10 | ||
| 526 | _aSEG09 | ||
| 526 | _aSEG06 | ||
| 526 | _aSEG05 | ||
| 526 | _aSEG04 | ||
| 526 | _aSEG03 | ||
| 526 | _aSEG02 | ||
| 526 | _aSEG68 | ||
| 526 | _aSEG66 | ||
| 526 | _aSEG45 | ||
| 526 | _aSEG25 | ||
| 526 | _aSEG01 | ||
| 526 | _aP163 | ||
| 526 | _aP162 | ||
| 526 | _aP161 | ||
| 526 | _aP160 | ||
| 526 | _aP159 | ||
| 526 | _aP158 | ||
| 526 | _aP157 | ||
| 526 | _aP156 | ||
| 526 | _aP155 | ||
| 526 | _aP154 | ||
| 526 | _aP153 | ||
| 526 | _aP152 | ||
| 526 | _aP151 | ||
| 526 | _aP150 | ||
| 526 | _aP149 | ||
| 526 | _aP142 | ||
| 526 | _aP141 | ||
| 526 | _aP140 | ||
| 526 | _aP139 | ||
| 526 | _aP138 | ||
| 526 | _aP137 | ||
| 526 | _aP132 | ||
| 526 | _aP131 | ||
| 526 | _aP130 | ||
| 526 | _aP126 | ||
| 526 | _aP125 | ||
| 526 | _aP124 | ||
| 526 | _aP123 | ||
| 526 | _aP115 | ||
| 526 | _aP122 | ||
| 526 | _aP121 | ||
| 526 | _aP116 | ||
| 526 | _a P114 | ||
| 526 | _aP112 | ||
| 526 | _aP111 | ||
| 526 | _aP104 | ||
| 526 | _aP103 | ||
| 526 | _aP102 | ||
| 526 | _aP101 | ||
| 526 | _aP100 | ||
| 526 | _aP96 | ||
| 526 | _aP95 | ||
| 526 | _aP93 | ||
| 526 | _aP92 | ||
| 526 | _aP91 | ||
| 526 | _aP88 | ||
| 526 | _aP83 | ||
| 526 | _aP82 | ||
| 526 | _aP79 | ||
| 526 | _aP78 | ||
| 526 | _aP75 | ||
| 526 | _aP74 | ||
| 526 | _aP71 | ||
| 526 | _aP69 | ||
| 526 | _a P51 | ||
| 526 | _aP49 | ||
| 526 | _aP48 | ||
| 526 | _aP47 | ||
| 526 | _aP33 | ||
| 526 | _aP31 | ||
| 526 | _a P30 | ||
| 526 | _aP29 | ||
| 526 | _aP27 | ||
| 526 | _aP26 | ||
| 526 | _aP25 | ||
| 526 | _aP24 | ||
| 526 | _a P22 | ||
| 526 | _aP10 | ||
| 526 | _aP09 | ||
| 526 | _a P08 | ||
| 526 | _aP06 | ||
| 526 | _aP05 | ||
| 526 | _aP04 | ||
| 526 | _aP01 | ||
| 541 | _g014-0000458; | ||
| 650 | 0 | 4 |
_aDesórdenes sexuales _xDiagnosis. |
| 650 | 0 | 4 |
_aDesórdenes sexuales _xDiagnosis. |
| 650 | 0 | 4 |
_aDesórdenes sexuales _xTratamiento. |
| 650 | 0 | 4 | _aSexo (Psicología). |
| 650 | 0 | 4 | _aSexo (Psicología). |
| 700 | 1 |
_aDelfín Lara, Francisco, _eautor. |
|
| 700 | 1 |
_aSánchez, Delia G., _eautor. |
|
| 942 |
_2ddc _cBOOK |
||
| 949 |
_a616.6906 A45 _wDEWEY _c1 _i58968 _lCCODEBUL1 _mBUL _p38.00 _r0 _sY _tBOOK _u2015-6-25 _xSALUD _PP33 _0COMPRA _o.STAFF. Colección Ciencias de la Salud |
||
| 949 |
_a616.6906 A49 2007 _wDEWEY _c1 _iFJ09886 _lCCODEBUJ1 _mBUJ _p40.00 _r0 _sY _tBOOK _u2015-9-9 _xSALUD _PP22 _0COMPRA _o.STAFF. Colección General Juliaca |
||
| 949 |
_a616.6906 A49 2007 _wDEWEY _c2 _iFJ09887 _lCCODEBUJ1 _mBUJ _p40.00 _r0 _sY _tBOOK _u2015-9-11 _xSALUD _PP22 _0COMPRA _o.STAFF. Colección General Juliaca |
||
| 949 |
_a616.6906 A49 2007 _wDEWEY _c3 _iFJ09888 _lCCODEBUJ1 _mBUJ _p40.00 _r0 _sY _tBOOK _u2015-9-11 _xSALUD _PP22 _0COMPRA _o.STAFF. Colección General Juliaca |
||
| 949 |
_a616.6906 A49 2007 _wDEWEY _c4 _iFJ09889 _lCCODEBUJ1 _mBUJ _p40.00 _r0 _sY _tBOOK _u2015-9-11 _xSALUD _PP22 _0COMPRA _o.STAFF. Colección General Juliaca |
||
| 949 |
_a616.6906 A49 2007 _wDEWEY _c5 _iFJ09890 _lCCODEBUJ1 _mBUJ _p40.00 _r0 _sY _tBOOK _u2015-9-11 _xSALUD _PP22 _0COMPRA _o.STAFF. Colección General Juliaca |
||
| 994 |
_aC0 _bPEPRU |
||
| 596 | _a1 3 | ||
| 999 |
_a616.6906 A45 _wDEWEY _c47805 _i58968 _d47805 _e2018-4-12 _f2021-11-4 _g6 _lCCODEBUL1 _mBUL _n3 _p38.00 _q1 _r0 _sY _tBOOK _u2015-6-25 _xSALUD _zP33 _0COMPRA _o.STAFF. Colección Ciencias de la Salud |
||
| 999 |
_a616.6906 A49 2007 _wDEWEY _c1 _iFJ09886 _d2019-9-19 _f2022-1-25 _g4 _lCCODEBUJ1 _mBUJ _p25.00 _q4 _r0 _sY _tBOOK _u2015-9-9 _xSALUD _PP22 _o.STAFF. Colección General Juliaca |
||
| 999 |
_a616.6906 A49 2007 _wDEWEY _c2 _iFJ09887 _f2022-1-25 _g4 _lCCODEBUJ1 _mBUJ _p25.00 _r0 _sY _tBOOK _u2015-9-11 _xSALUD _PP22 _0COMPRA _o.STAFF. Colección General Juliaca |
||
| 999 |
_a616.6906 A49 2007 _wDEWEY _c3 _iFJ09888 _f2022-1-25 _g4 _lCCODEBUJ1 _mBUJ _p25.00 _r0 _sY _tBOOK _u2015-9-11 _xSALUD _PP22 _0COMPRA _o.STAFF. Colección General Juliaca |
||
| 999 |
_a616.6906 A49 2007 _wDEWEY _c4 _iFJ09889 _f2022-1-25 _g4 _lCCODEBUJ1 _mBUJ _p25.00 _r0 _sY _tBOOK _u2015-9-11 _xSALUD _PP22 _0COMPRA _o.STAFF. Colección General Juliaca |
||
| 999 |
_a616.6906 A49 2007 _wDEWEY _c5 _iFJ09890 _d2018-9-25 _f2022-1-25 _g4 _lCCODEBUJ1 _mBUJ _p25.00 _q1 _r0 _sY _tBOOK _u2015-9-11 _xSALUD _PP22 _0COMPRA _o.STAFF. Colección General Juliaca |
||
| 980 |
_81 _gALBERTO SANCHEZ Responsable de Automatización |
||